Fyzikálna chémia pre bakalárske štúdium /

Guardado en:
Detalles Bibliográficos
Autor principal: Reguli, Ján, 1953- (Autor)
Formato: Libro
Lenguaje:eslovaco
Publicado: Trnava Typi Universitatis Tyrnaviensis 2017
Edición:2. dopl. vyd.
Materias:
Etiquetas: Agregar Etiqueta
Sin Etiquetas, Sea el primero en etiquetar este registro!

MARC

LEADER 00000nam a22000003a 4500
001 0090178
003 SK-STU
005 20210907123313.6
007 ta
008 210907s ----xo-----e------000-0-----d
020 |a 978-80-568-0017-1 
040 |a STU  |b slo 
041 0 |a slo 
044 |a xo 
100 1 |a Reguli, Ján,  |d 1953-  |4 aut  |X 3332  |7 A000003332 
245 1 0 |a Fyzikálna chémia pre bakalárske štúdium /  |c aut. Ján Reguli 
250 |a 2. dopl. vyd. 
260 |a Trnava  |b Typi Universitatis Tyrnaviensis  |c 2017 
300 |a 288 s. 
650 0 7 |a fyzikálna chémia 
996 |b 284M088782  |c M* 14489-1  |l MMST  |s A  |a 24  |w 0090178_0001